<?xml version="1.0" encoding="UTF-8"?>
<record
    xmlns:xsi="http://www.w3.org/2001/XMLSchema-instance"
    xsi:schemaLocation="http://www.loc.gov/MARC21/slim http://www.loc.gov/standards/marcxml/schema/MARC21slim.xsd"
    xmlns="http://www.loc.gov/MARC21/slim">

  <leader>02797njm a2200469Ia 4500</leader>
  <controlfield tag="001">23837</controlfield>
  <controlfield tag="003">IT-RoPAU</controlfield>
  <controlfield tag="005">20220918181122.0</controlfield>
  <controlfield tag="008">131025s9999    xx            000 0 und d</controlfield>
  <datafield tag="040" ind1=" " ind2=" ">
    <subfield code="a">IT-RoPAU</subfield>
  </datafield>
  <datafield tag="040" ind1=" " ind2=" ">
    <subfield code="c">IT-RoPAU</subfield>
  </datafield>
  <datafield tag="041" ind1=" " ind2=" ">
    <subfield code="a">ITALIANO</subfield>
  </datafield>
  <datafield tag="999" ind1=" " ind2=" ">
    <subfield code="c">99853</subfield>
    <subfield code="d">99853</subfield>
  </datafield>
  <datafield tag="999" ind1=" " ind2=" ">
    <subfield code="b">n.d.</subfield>
  </datafield>
  <datafield tag="100" ind1=" " ind2=" ">
    <subfield code="a">AA.VV.</subfield>
    <subfield code="9">794</subfield>
  </datafield>
  <datafield tag="100" ind1=" " ind2=" ">
    <subfield code="e">Autore musica</subfield>
    <subfield code="9">6461</subfield>
  </datafield>
  <datafield tag="100" ind1=" " ind2=" ">
    <subfield code="g">Codice autore musica SPICS: 12000</subfield>
    <subfield code="9">796</subfield>
  </datafield>
  <datafield tag="245" ind1=" " ind2=" ">
    <subfield code="a">All'osteria Vasco e Pietro (Lp Sfr Ri 646)</subfield>
  </datafield>
  <datafield tag="250" ind1=" " ind2=" ">
    <subfield code="a">1a ed.</subfield>
  </datafield>
  <datafield tag="260" ind1=" " ind2=" ">
    <subfield code="a">ITALIA</subfield>
  </datafield>
  <datafield tag="260" ind1=" " ind2=" ">
    <subfield code="b">FAMILY RECORDS</subfield>
    <subfield code="c">1972 [1a Ed.:1972]</subfield>
  </datafield>
  <datafield tag="300" ind1=" " ind2=" ">
    <subfield code="a">DISCO</subfield>
  </datafield>
  <datafield tag="300" ind1=" " ind2=" ">
    <subfield code="c">22 minuti (Testo:  pag.)</subfield>
  </datafield>
  <datafield tag="500" ind1=" " ind2=" ">
    <subfield code="a">Canzoni per osteria. Musica popolare</subfield>
  </datafield>
  <datafield tag="505" ind1=" " ind2=" ">
    <subfield code="a">Arrivederci Mim&#xEC; (3:00) - I milioni di Arlecchino (2:00) - Reginella campagnola (2:00) - Mazurka variata (2:00) - Non torner&#xF2; (2:00) - Lucciole vagabonde (2:00) - Cos&#xEC; piange Pierrot (2:00) - Chiudi gli occhi Rosita (2:00) - Speranze perdute (3:00) - Vivere (2:00) - Parlami d'amore Mari&#xF9; (3:00) - Gigolette (3:00)</subfield>
  </datafield>
  <datafield tag="650" ind1=" " ind2=" ">
    <subfield code="a">POPOLARE [DISCHI]</subfield>
    <subfield code="e">Codice MATERIA SPICS: 9950</subfield>
    <subfield code="9">6462</subfield>
  </datafield>
  <datafield tag="700" ind1=" " ind2=" ">
    <subfield code="a">Marchetti Gianni</subfield>
    <subfield code="d">Codice autore musica SPICS: 11622</subfield>
    <subfield code="e">Autore musica</subfield>
    <subfield code="p">Arrivederci Mim&#xEC;</subfield>
    <subfield code="9">6463</subfield>
  </datafield>
  <datafield tag="700" ind1=" " ind2=" ">
    <subfield code="a">Bonavolont&#xE0;</subfield>
    <subfield code="d">Codice autore testo/musica SPICS: 13916</subfield>
    <subfield code="e">Autore testo/musica</subfield>
    <subfield code="p">Arrivederci Mim&#xEC;</subfield>
    <subfield code="9">6464</subfield>
  </datafield>
  <datafield tag="700" ind1=" " ind2=" ">
    <subfield code="a">Drigo Riccardo</subfield>
    <subfield code="d">Codice autore musica SPICS: 13202</subfield>
    <subfield code="e">Autore musica</subfield>
    <subfield code="p">I milioni di Arlecchino</subfield>
    <subfield code="9">6465</subfield>
  </datafield>
  <datafield tag="700" ind1=" " ind2=" ">
    <subfield code="a">Bruno C.</subfield>
    <subfield code="d">Codice autore musica SPICS: 13502</subfield>
    <subfield code="e">Autore musica</subfield>
    <subfield code="p">Reginella campagnola</subfield>
    <subfield code="9">6466</subfield>
  </datafield>
  <datafield tag="700" ind1=" " ind2=" ">
    <subfield code="a">Di Lazzaro Eldo</subfield>
    <subfield code="d">Codice autore testo/musica SPICS: 13500</subfield>
    <subfield code="e">Autore testo/musica</subfield>
    <subfield code="p">Reginella campagnola</subfield>
    <subfield code="9">6467</subfield>
  </datafield>
  <datafield tag="700" ind1=" " ind2=" ">
    <subfield code="a">Migliavacca</subfield>
    <subfield code="d">Codice autore testo/musica SPICS: 13918</subfield>
    <subfield code="e">Autore testo/musica</subfield>
    <subfield code="p">Mazurka variata</subfield>
    <subfield code="9">6468</subfield>
  </datafield>
  <datafield tag="700" ind1=" " ind2=" ">
    <subfield code="a">Cabajo</subfield>
    <subfield code="d">Codice autore musica SPICS: 13920</subfield>
    <subfield code="e">Autore musica</subfield>
    <subfield code="p">Non torner&#xF2;</subfield>
    <subfield code="9">6469</subfield>
  </datafield>
  <datafield tag="700" ind1=" " ind2=" ">
    <subfield code="a">Pattacini T.</subfield>
    <subfield code="d">Codice autore testo/musica SPICS: 13919</subfield>
    <subfield code="e">Autore testo/musica</subfield>
    <subfield code="p">Non torner&#xF2;</subfield>
    <subfield code="9">6470</subfield>
  </datafield>
  <datafield tag="700" ind1=" " ind2=" ">
    <subfield code="a">Cherubini Bixio</subfield>
    <subfield code="d">Codice autore musica SPICS: 13442</subfield>
    <subfield code="e">Autore musica</subfield>
    <subfield code="p">Lucciole vagabonde - Chiudi gli occhi Rosita</subfield>
    <subfield code="9">6471</subfield>
  </datafield>
  <datafield tag="700" ind1=" " ind2=" ">
    <subfield code="a">Bixio Cesare Andrea</subfield>
    <subfield code="d">Codice autore testo/musica SPICS: 13441</subfield>
    <subfield code="e">Autore testo/musica</subfield>
    <subfield code="p">Lucciole vagabonde - Cos&#xEC; piange Pierrot - Vivere - Parlami d'amore Mari&#xF9;</subfield>
    <subfield code="9">6472</subfield>
  </datafield>
  <datafield tag="700" ind1=" " ind2=" ">
    <subfield code="a">Morelli A.</subfield>
    <subfield code="d">Codice autore testo/musica SPICS: 13921</subfield>
    <subfield code="e">Autore testo/musica</subfield>
    <subfield code="p">Speranze perdute</subfield>
    <subfield code="9">6473</subfield>
  </datafield>
  <datafield tag="700" ind1=" " ind2=" ">
    <subfield code="a">Neri Ennio</subfield>
    <subfield code="d">Codice autore musica SPICS: 13457</subfield>
    <subfield code="e">Autore musica</subfield>
    <subfield code="p">Parlami d'amore Mari&#xF9;</subfield>
    <subfield code="9">6474</subfield>
  </datafield>
  <datafield tag="700" ind1=" " ind2=" ">
    <subfield code="a">Testoni Giancarlo</subfield>
    <subfield code="d">Codice autore musica SPICS: 13524</subfield>
    <subfield code="e">Autore musica</subfield>
    <subfield code="p">Gigolette</subfield>
    <subfield code="9">6475</subfield>
  </datafield>
  <datafield tag="700" ind1=" " ind2=" ">
    <subfield code="a">Panzuti Virgilio</subfield>
    <subfield code="d">Codice autore testo/musica SPICS: 13599</subfield>
    <subfield code="e">Autore testo/musica</subfield>
    <subfield code="p">Gigolette</subfield>
    <subfield code="9">6476</subfield>
  </datafield>
  <datafield tag="700" ind1=" " ind2=" ">
    <subfield code="a">Vasco e Pietro</subfield>
    <subfield code="d">Codice interprete SPICS: 13917</subfield>
    <subfield code="e">Interprete</subfield>
    <subfield code="9">6477</subfield>
  </datafield>
  <datafield tag="942" ind1=" " ind2=" ">
    <subfield code="c">MD</subfield>
    <subfield code="2">ddc</subfield>
  </datafield>
  <datafield tag="952" ind1=" " ind2=" ">
    <subfield code="0">0</subfield>
    <subfield code="1">0</subfield>
    <subfield code="4">0</subfield>
    <subfield code="6">23837_000000000000000</subfield>
    <subfield code="7">1</subfield>
    <subfield code="a">SPICS</subfield>
    <subfield code="b">SPICS</subfield>
    <subfield code="d">2013-10-25</subfield>
    <subfield code="l">0</subfield>
    <subfield code="o">23837</subfield>
    <subfield code="r">2013-10-25 00:00:00</subfield>
    <subfield code="w">2013-10-25</subfield>
    <subfield code="y">MD</subfield>
    <subfield code="z">Progr. Ins.: 4684 / N.Vol.: 1 / Copie: 1 - Copia rara: n.d. / date import: 01.01.2014 - By Epidotti, Trombetti, Vaglietti</subfield>
  </datafield>
</record>
